000 00435nam a2200145Ia 4500
008 210430s9999 xx 000 0 und d
020 _a978-0-471-73580-9
082 _a518.63 S 512 N
100 _aGranville Sewell
_954095
245 4 _aThe Numerical Solution of Ordinary and Partial Differential Equations /
_cGranville Sewell
250 _a2nd edition
260 _aNew Jersey
_bWiley
_c2005
300 _a333 p
942 _cBK
_2ddc
999 _c564557
_d564557